[Event "Hoogeveen Open"]
[Site "Hoogeveen, Netherlands"]
[Date "2018.10.25"]
[Round "7.24"]
[White "Maters, Arthur"]
[Black "Wedda, Dries"]
[Result "1/2-1/2"]
[WhiteElo "1933"]
[BlackElo "2216"]

1. e4 {[%clk 01:30:59]} c5 {[%clk 01:30:54]} {[%emt 00:00:05]} 2. Nf3 {[%clk
01:31:25]} {[%emt 00:00:05]} d6 {[%clk 01:31:21]} {[%emt 00:00:03]} 3. d4
{[%clk 01:31:50]} {[%emt 00:00:05]} cxd4 {[%clk 01:31:47]} {[%emt 00:00:05]} 4.
Nxd4 {[%clk 01:32:17]} {[%emt 00:00:03]} Nf6 {[%clk 01:32:11]} {[%emt
00:00:06]} 5. Nc3 {[%clk 01:32:44]} {[%emt 00:00:03]} a6 {[%clk 01:32:34]}
{[%emt 00:00:08]} 6. Rg1 {[%clk 01:33:09]} {[%emt 00:00:04]} b5 {[%clk
01:32:15]} {[%emt 00:00:49]} 7. g4 {[%clk 01:33:23]} {[%emt 00:00:16]} Bb7
{[%clk 01:32:39]} {[%emt 00:00:06]} 8. Bg2 {[%clk 01:33:05]} {[%emt 00:00:48]}
e5 {[%clk 01:17:52]} {[%emt 00:19:02]} 9. Nf5 {[%clk 01:29:00]} {[%emt
00:00:50]} b4 {[%clk 01:07:35]} {[%emt 00:10:46]} 10. g5 {[%clk 01:27:11]}
{[%emt 00:02:19]} bxc3 {[%clk 01:06:27]} {[%emt 00:01:38]} 11. gxf6 {[%clk
01:27:35]} {[%emt 00:00:06]} Qxf6 {[%clk 01:05:46]} {[%emt 00:01:11]} 12. bxc3
{[%clk 01:24:24]} {[%emt 00:03:42]} Nd7 {[%clk 00:46:56]} {[%emt 00:19:19]} 13.
Bh3 {[%clk 01:14:38]} {[%emt 00:10:16]} h6 {[%clk 00:40:31]} {[%emt 00:06:55]}
14. Ba3 {[%clk 01:14:47]} {[%emt 00:00:22]} Nc5 {[%clk 00:21:33]} {[%emt
00:19:28]} 15. Bxc5 {[%clk 01:13:41]} {[%emt 00:01:36]} dxc5 {[%clk 00:22:01]}
16. Nxg7+ {[%clk 01:13:56]} {[%emt 00:00:15]} Bxg7 {[%clk 00:22:28]} {[%emt
00:00:02]} 17. Qd7+ {[%clk 01:13:59]} {[%emt 00:00:27]} Kf8 {[%clk 00:22:58]}
{[%emt 00:00:01]} 18. Qxb7 {[%clk 01:14:16]} {[%emt 00:00:13]} Rd8 {[%clk
00:23:24]} {[%emt 00:00:03]} 19. Ke2 {[%clk 01:04:44]} {[%emt 00:10:02]} Qh4
{[%clk 00:08:26]} {[%emt 00:15:28]} 20. Bf5 {[%clk 00:55:47]} {[%emt 00:09:27]}
Bf6 {[%clk 00:07:43]} {[%emt 00:01:13]} 21. Rg4 {[%clk 00:53:44]} {[%emt
00:02:32]} Qxh2 {[%clk 00:07:58]} {[%emt 00:00:16]} 22. Rag1 {[%clk 00:53:46]}
{[%emt 00:00:28]} Bh4 {[%clk 00:05:32]} {[%emt 00:02:56]} 23. R1g2 {[%clk
00:39:04]} {[%emt 00:15:11]} Qh1 {[%clk 00:06:01]} 24. Rg1 {[%clk 00:39:24]}
{[%emt 00:00:11]} 1/2-1/2

[Event "Hoogeveen Open"]
[Site "Hoogeveen, Netherlands"]
[Date "2018.10.25"]
[Round "7.25"]
[White "Zarkovic, Mila"]
[Black "Verhoef, Pieter"]
[Result "1/2-1/2"]
[WhiteElo "2213"]
[BlackElo "2058"]

1. e4 {[%clk 01:30:57]} {[%emt 00:00:02]} c5 {[%clk 01:30:55]} {[%emt
00:00:06]} 2. Nf3 {[%clk 01:30:59]} {[%emt 00:00:28]} d6 {[%clk 01:31:19]}
{[%emt 00:00:07]} 3. d4 {[%clk 01:31:25]} {[%emt 00:00:04]} cxd4 {[%clk
01:31:43]} {[%emt 00:00:05]} 4. Nxd4 {[%clk 01:31:52]} {[%emt 00:00:03]} Nf6
{[%clk 01:32:06]} {[%emt 00:00:08]} 5. Nc3 {[%clk 01:32:18]} {[%emt 00:00:04]}
a6 {[%clk 01:32:31]} {[%emt 00:00:05]} 6. h3 {[%clk 01:32:20]} {[%emt
00:00:28]} e6 {[%clk 01:32:55]} {[%emt 00:00:06]} 7. g4 {[%clk 01:32:44]}
{[%emt 00:00:04]} d5 {[%clk 01:33:21]} {[%emt 00:00:05]} 8. Nde2 {[%clk
01:31:36]} {[%emt 00:01:38]} Nxe4 {[%clk 01:33:44]} {[%emt 00:00:07]} 9. Nxe4
{[%clk 01:32:01]} {[%emt 00:00:05]} dxe4 {[%clk 01:34:07]} {[%emt 00:00:07]} 10.
Qxd8+ {[%clk 01:32:23]} {[%emt 00:00:08]} Kxd8 {[%clk 01:34:32]} {[%emt
00:00:05]} 11. Bg2 {[%clk 01:30:04]} {[%emt 00:02:49]} f5 {[%clk 01:30:19]}
{[%emt 00:04:43]} 12. gxf5 {[%clk 01:29:10]} {[%emt 00:01:24]} exf5 {[%clk
01:30:40]} {[%emt 00:00:08]} 13. Be3 {[%clk 01:28:49]} {[%emt 00:00:52]} Nc6
{[%clk 01:30:30]} {[%emt 00:00:40]} 14. O-O-O+ {[%clk 01:25:35]} {[%emt
00:03:45]} Ke8 {[%clk 01:30:43]} {[%emt 00:03:21]} 15. f3 {[%clk 01:12:19]}
{[%emt 00:10:41]} g5 {[%clk 01:30:19]} {[%emt 00:00:53]} 16. fxe4 {[%clk
01:10:30]} {[%emt 00:02:20]} f4 {[%clk 01:30:21]} {[%emt 00:00:28]} 17. Bb6
{[%clk 01:10:18]} {[%emt 00:00:42]} Bg7 {[%clk 01:27:10]} {[%emt 00:03:41]} 18.
Bf3 {[%clk 01:01:14]} {[%emt 00:09:34]} h5 {[%clk 01:20:08]} {[%emt 00:07:32]}
19. Rhg1 {[%clk 01:00:52]} {[%emt 00:00:52]} Bf6 {[%clk 01:19:55]} {[%emt
00:00:43]} 20. Nc3 {[%clk 00:40:29]} {[%emt 00:20:54]} Bxh3 {[%clk 00:51:09]}
{[%emt 00:29:15]} 21. Nd5 {[%clk 00:38:30]} {[%emt 00:02:30]} Kf7 {[%clk
00:49:31]} {[%emt 00:02:08]} 22. Nxf6 {[%clk 00:18:37]} {[%emt 00:20:23]} Kxf6
{[%clk 00:49:53]} {[%emt 00:00:06]} 23. Rd6+ {[%clk 00:14:10]} {[%emt
00:04:58]} Be6 {[%clk 00:50:15]} {[%emt 00:00:07]} 24. e5+ {[%clk 00:14:02]}
{[%emt 00:00:39]} Kf5 {[%clk 00:47:58]} {[%emt 00:02:46]} 25. Re1 {[%clk
00:13:17]} {[%emt 00:01:17]} Rae8 {[%clk 00:42:58]} {[%emt 00:05:30]} 26. Be4+
{[%clk 00:13:22]} {[%emt 00:00:24]} Kxe5 {[%clk 00:43:20]} {[%emt 00:00:08]} 27.
Bc7 {[%clk 00:10:26]} {[%emt 00:03:26]} Kf6 {[%clk 00:37:21]} {[%emt 00:06:29]}
28. Bd5 {[%clk 00:10:52]} {[%emt 00:00:05]} Ne5 {[%clk 00:36:59]} {[%emt
00:00:51]} 29. Bd8+ {[%clk 00:01:17]} {[%emt 00:10:05]} Kf5 {[%clk 00:26:58]}
{[%emt 00:10:30]} 30. Be4+ {[%clk 00:01:43]} {[%emt 00:00:05]} Kg4 {[%clk
00:27:22]} {[%emt 00:00:05]} 31. Rg1+ {[%clk 00:02:03]} {[%emt 00:00:12]} Kh3
{[%clk 00:27:44]} {[%emt 00:00:07]} 32. Rh1+ {[%clk 00:01:07]} {[%emt
00:01:26]} Kg4 {[%clk 00:26:57]} {[%emt 00:01:17]} 33. Rg1+ {[%clk 00:01:37]}
{[%emt 00:00:01]} Kh3 {[%clk 00:27:17]} {[%emt 00:00:08]} 34. Rh1+ {[%clk
00:02:05]} {[%emt 00:00:03]} Kg4 {[%clk 00:26:44]} {[%emt 00:00:09]} 35. Rg1+
{[%clk 00:02:51]} {[%emt 00:06:43]} 1/2-1/2

[Event "Hoogeveen Open"]
[Site "Hoogeveen, Netherlands"]
[Date "2018.10.25"]
[Round "7.26"]
[White "Damen, Jip"]
[Black "Van De Pavoordt, Max"]
[Result "1-0"]
[WhiteElo "2192"]
[BlackElo "2034"]

1. Nf3 {[%clk 01:30:54]} {[%emt 00:00:05]} d5 {[%clk 01:30:40]} {[%emt
00:00:20]} 2. c4 {[%clk 01:30:57]} {[%emt 00:00:28]} c6 {[%clk 01:30:58]}
{[%emt 00:00:12]} 3. e3 {[%clk 01:31:16]} {[%emt 00:00:11]} Nf6 {[%clk
01:31:02]} {[%emt 00:00:25]} 4. Nc3 {[%clk 01:31:37]} {[%emt 00:00:10]} e6
{[%clk 01:28:39]} {[%emt 00:02:53]} 5. Qc2 {[%clk 01:30:30]} {[%emt 00:01:36]}
Nbd7 {[%clk 01:27:29]} {[%emt 00:01:39]} 6. Be2 {[%clk 01:30:05]} {[%emt
00:00:55]} Bd6 {[%clk 01:26:11]} {[%emt 00:01:48]} 7. Rg1 {[%clk 01:24:22]}
{[%emt 00:11:04]} Ne5 {[%clk 01:20:39]} {[%emt 00:01:11]} 8. Nxe5 {[%clk
01:23:32]} {[%emt 00:01:20]} Bxe5 {[%clk 01:20:01]} {[%emt 00:01:09]} 9. f4
{[%clk 01:22:03]} {[%emt 00:01:59]} Bc7 {[%clk 01:18:19]} {[%emt 00:02:12]} 10.
d4 {[%clk 01:19:28]} {[%emt 00:03:04]} Ba5 {[%clk 01:11:47]} {[%emt 00:07:02]}
11. Bd2 {[%clk 01:17:14]} {[%emt 00:02:44]} Bxc3 {[%clk 01:07:32]} {[%emt
00:04:45]} 12. Bxc3 {[%clk 01:17:19]} {[%emt 00:00:24]} Ne4 {[%clk 01:07:09]}
{[%emt 00:00:54]} 13. O-O-O {[%clk 01:16:17]} {[%emt 00:01:33]} Qh4 {[%clk
01:00:49]} {[%emt 00:06:49]} 14. Bf3 {[%clk 00:55:25]} {[%emt 00:21:21]} Nd6
{[%clk 00:49:38]} {[%emt 00:11:42]} 15. c5 {[%clk 00:53:11]} {[%emt 00:02:44]}
Nc4 {[%clk 00:45:20]} {[%emt 00:04:47]} 16. g3 {[%clk 00:47:34]} {[%emt
00:06:07]} Qd8 {[%clk 00:45:00]} {[%emt 00:00:51]} 17. Rde1 {[%clk 00:43:23]}
{[%emt 00:04:39]} a5 {[%clk 00:38:58]} {[%emt 00:06:34]} 18. e4 {[%clk
00:39:30]} {[%emt 00:04:23]} a4 {[%clk 00:38:09]} {[%emt 00:01:20]} 19. Be2
{[%clk 00:31:20]} {[%emt 00:08:28]} b5 {[%clk 00:34:54]} {[%emt 00:03:57]} 20.
cxb6 {[%clk 00:27:59]} {[%emt 00:03:51]} Qxb6 {[%clk 00:31:48]} {[%emt
00:03:35]} 21. Bxc4 {[%clk 00:27:24]} {[%emt 00:01:06]} dxc4 {[%clk 00:32:12]}
{[%emt 00:00:05]} 22. d5 {[%clk 00:27:27]} {[%emt 00:00:28]} O-O {[%clk
00:30:48]} {[%emt 00:01:53]} 23. d6 {[%clk 00:27:36]} {[%emt 00:00:21]} c5
{[%clk 00:29:43]} {[%emt 00:01:35]} 24. e5 {[%clk 00:25:42]} {[%emt 00:02:25]}
a3 {[%clk 00:29:36]} {[%emt 00:00:37]} 25. Re2 {[%clk 00:24:03]} {[%emt
00:02:08]} Bd7 {[%clk 00:26:54]} {[%emt 00:03:12]} 26. g4 {[%clk 00:22:06]}
{[%emt 00:02:27]} Rfb8 {[%clk 00:23:57]} {[%emt 00:03:27]} 27. Qe4 {[%clk
00:19:22]} {[%emt 00:03:14]} Bc6 {[%clk 00:23:17]} {[%emt 00:01:10]} 28. Qe3
{[%clk 00:19:21]} {[%emt 00:00:31]} axb2+ {[%clk 00:22:51]} {[%emt 00:00:56]}
29. Rxb2 {[%clk 00:19:42]} {[%emt 00:00:08]} Qa7 {[%clk 00:22:55]} {[%emt
00:00:27]} 30. Rd1 {[%clk 00:12:19]} {[%emt 00:07:53]} Rxb2 {[%clk 00:20:00]}
31. Bxb2 {[%clk 00:12:42]} {[%emt 00:03:32]} Bd5 {[%clk 00:16:46]} {[%emt
00:03:43]} 32. a3 {[%clk 00:08:14]} {[%emt 00:04:59]} Rb8 {[%clk 00:17:05]}
{[%emt 00:00:10]} 33. f5 {[%clk 00:07:54]} {[%emt 00:00:51]} Rb3 {[%clk
00:15:52]} {[%emt 00:01:43]} 34. Qg5 {[%clk 00:07:20]} {[%emt 00:01:04]} c3
{[%clk 00:14:51]} 35. Qd8# {[%clk 00:07:20]} 1-0

[Event "Hoogeveen Open"]
[Site "Hoogeveen, Netherlands"]
[Date "2018.10.25"]
[Round "7.27"]
[White "Hilwerda, Jonas"]
[Black "Hulshof, Peter"]
[Result "1-0"]
[WhiteElo "2109"]
[BlackElo "2168"]

1. e4 {[%clk 01:30:56]} {[%emt 00:00:03]} g6 {[%clk 01:30:46]} {[%emt
00:00:14]} 2. d4 {[%clk 01:31:20]} {[%emt 00:00:06]} Bg7 {[%clk 01:31:12]}
{[%emt 00:00:04]} 3. Nc3 {[%clk 01:31:43]} {[%emt 00:00:07]} c6 {[%clk
01:31:26]} {[%emt 00:00:16]} 4. f4 {[%clk 01:32:07]} {[%emt 00:00:06]} d5
{[%clk 01:31:40]} {[%emt 00:00:17]} 5. e5 {[%clk 01:32:32]} {[%emt 00:00:05]}
Nh6 {[%clk 01:31:54]} {[%emt 00:00:15]} 6. Nf3 {[%clk 01:32:32]} {[%emt
00:00:30]} f6 {[%clk 01:31:42]} {[%emt 00:00:43]} 7. Be3 {[%clk 01:32:14]}
{[%emt 00:00:48]} O-O {[%clk 01:28:32]} {[%emt 00:03:40]} 8. h3 {[%emt
00:14:30]} b6 {[%clk 01:14:05]} {[%emt 00:01:14]} 9. Qd2 {[%clk 01:31:32]}
{[%emt 00:00:55]} Nd7 {[%clk 01:11:29]} {[%emt 00:03:06]} 10. g4 {[%clk
01:28:38]} {[%emt 00:03:23]} fxe5 {[%clk 01:02:08]} {[%emt 00:09:52]} 11. dxe5
{[%clk 01:14:52]} {[%emt 00:14:17]} Nc5 {[%clk 01:01:19]} {[%emt 00:01:18]} 12.
Nd4 {[%clk 01:09:17]} {[%emt 00:06:05]} Qc7 {[%clk 00:57:29]} {[%emt 00:04:20]}
13. Bg2 {[%clk 01:07:25]} {[%emt 00:02:22]} e6 {[%clk 00:54:46]} {[%emt
00:03:14]} 14. b4 {[%clk 00:52:48]} {[%emt 00:15:06]} Nb7 {[%clk 00:50:58]}
{[%emt 00:04:17]} 15. Nce2 {[%clk 00:35:42]} {[%emt 00:17:37]} Nf7 {[%clk
00:44:24]} {[%emt 00:07:04]} 16. c4 {[%clk 00:24:45]} {[%emt 00:11:27]} dxc4
{[%clk 00:36:12]} {[%emt 00:08:42]} 17. Bxc6 {[%clk 00:19:53]} {[%emt
00:05:22]} g5 {[%clk 00:35:33]} {[%emt 00:01:09]} 18. O-O {[%clk 00:14:50]}
{[%emt 00:05:33]} gxf4 {[%clk 00:34:52]} {[%emt 00:01:12]} 19. Nxf4 {[%clk
00:14:03]} {[%emt 00:01:16]} Nxe5 {[%clk 00:34:37]} {[%emt 00:00:45]} 20. Be4
{[%clk 00:12:50]} {[%emt 00:01:43]} Qe7 {[%clk 00:29:38]} {[%emt 00:05:29]} 21.
Nh5 {[%clk 00:10:36]} {[%emt 00:02:44]} Nf7 {[%clk 00:22:42]} {[%emt 00:07:26]}
22. Rf3 {[%clk 00:07:05]} {[%emt 00:04:00]} Rb8 {[%clk 00:22:19]} {[%emt
00:00:55]} 23. Nc6 {[%emt 00:01:53]} Qc7 {[%clk 00:22:17]} 24. Nxg7 {[%clk
00:06:18]} {[%emt 00:00:25]} Kxg7 {[%clk 00:22:31]} {[%emt 00:00:16]} 25. Nxb8
{[%clk 00:06:12]} {[%emt 00:00:37]} Nbd6 {[%clk 00:22:51]} {[%emt 00:00:10]} 26.
Bc6 {[%clk 00:03:59]} {[%emt 00:02:42]} Qxb8 {[%clk 00:22:49]} {[%emt
00:00:33]} 27. Raf1 {[%clk 00:03:55]} {[%emt 00:00:34]} Rd8 {[%clk 00:18:48]}
{[%emt 00:04:30]} 28. Bh6+ {[%clk 00:03:31]} {[%emt 00:00:54]} Kg8 {[%clk
00:19:10]} {[%emt 00:00:08]} 29. Qg5+ Nxg5 {[%clk 00:19:32]} 30. Rf8+ {[%clk
00:03:42]} {[%emt 00:00:04]} 1-0

[Event "Hoogeveen Open"]
[Site "Hoogeveen, Netherlands"]
[Date "2018.10.25"]
[Round "7.28"]
[White "Minko, Dmitry"]
[Black "Biermann, Lenhard"]
[Result "1-0"]
[WhiteElo "2011"]
[BlackElo "2153"]

1. e4 {[%clk 01:30:58]} {[%emt 00:00:02]} e6 {[%clk 01:30:54]} {[%emt
00:00:07]} 2. d4 {[%clk 01:31:22]} {[%emt 00:00:05]} d5 {[%clk 01:31:19]}
{[%emt 00:00:05]} 3. Nc3 {[%clk 01:31:48]} {[%emt 00:00:04]} Bb4 {[%clk
01:31:46]} {[%emt 00:00:04]} 4. e5 {[%clk 01:32:11]} {[%emt 00:00:07]} c5
{[%clk 01:32:12]} {[%emt 00:00:04]} 5. a3 {[%clk 01:32:33]} {[%emt 00:00:08]}
cxd4 {[%clk 01:32:37]} {[%emt 00:00:04]} 6. axb4 {[%clk 01:32:57]} {[%emt
00:00:06]} dxc3 {[%clk 01:33:01]} {[%emt 00:00:06]} 7. Nf3 {[%clk 01:33:19]}
{[%emt 00:00:08]} Nd7 {[%clk 01:33:14]} {[%emt 00:00:18]} 8. Bd3 {[%clk
01:27:41]} {[%emt 00:06:08]} Ne7 {[%clk 01:32:38]} {[%emt 00:14:08]} 9. Qe2
{[%clk 01:09:46]} {[%emt 00:05:23]} Nc6 {[%clk 01:20:01]} {[%emt 00:13:06]} 10.
b5 {[%clk 01:02:39]} {[%emt 00:07:37]} Nb4 {[%clk 01:18:51]} {[%emt 00:01:41]}
11. bxc3 {[%clk 01:02:41]} {[%emt 00:00:28]} Nxd3+ {[%clk 01:18:51]} {[%emt
00:00:30]} 12. cxd3 {[%clk 01:02:32]} {[%emt 00:00:38]} Qc7 {[%clk 01:15:05]}
{[%emt 00:04:16]} 13. O-O {[%clk 00:54:42]} {[%emt 00:08:21]} Nc5 {[%clk
01:11:42]} {[%emt 00:03:53]} 14. Ba3 {[%clk 00:52:27]} {[%emt 00:02:45]} Bd7
{[%clk 01:10:05]} {[%emt 00:02:07]} 15. Rfb1 {[%clk 00:46:35]} {[%emt
00:06:22]} b6 {[%clk 01:06:53]} {[%emt 00:03:42]} 16. Nd2 {[%clk 00:44:01]}
{[%emt 00:03:04]} h5 {[%clk 00:45:43]} {[%emt 00:21:40]} 17. d4 {[%clk
00:41:14]} {[%emt 00:03:18]} Nb7 {[%clk 00:44:00]} {[%emt 00:02:13]} 18. c4
{[%clk 00:33:59]} {[%emt 00:07:45]} dxc4 {[%clk 00:36:39]} {[%emt 00:07:51]} 19.
Nxc4 {[%clk 00:26:20]} {[%emt 00:08:08]} f5 {[%clk 00:32:43]} {[%emt 00:04:25]}
20. Rc1 {[%clk 00:23:09]} {[%emt 00:03:42]} Bxb5 {[%clk 00:29:15]} {[%emt
00:03:57]} 21. Qf3 {[%clk 00:23:07]} {[%emt 00:00:32]} Bc6 {[%clk 00:11:35]}
{[%emt 00:18:11]} 22. Nd6+ {[%clk 00:21:21]} {[%emt 00:02:15]} Qxd6 {[%clk
00:11:21]} {[%emt 00:00:44]} 23. Rxc6 {[%clk 00:19:37]} {[%emt 00:02:15]} Qd7
{[%clk 00:09:51]} {[%emt 00:02:00]} 24. Rac1 {[%clk 00:18:20]} {[%emt
00:01:47]} Kd8 {[%clk 00:08:03]} {[%emt 00:02:17]} 25. Qg3 {[%clk 00:17:29]}
{[%emt 00:01:21]} Re8 {[%clk 00:07:35]} {[%emt 00:00:59]} 26. Qg5+ {[%clk
00:17:48]} {[%emt 00:00:11]} 1-0

[Event "Hoogeveen Open"]
[Site "Hoogeveen, Netherlands"]
[Date "2018.10.25"]
[Round "7.29"]
[White "Pham, Khoi"]
[Black "Van Foreest, Machteld"]
[Result "0-1"]
[WhiteElo "2153"]
[BlackElo "1934"]

1. e4 {[%clk 01:30:58]} {[%emt 00:00:01]} e6 {[%clk 01:30:55]} {[%emt
00:00:05]} 2. d4 {[%clk 01:31:23]} {[%emt 00:00:06]} d5 {[%clk 01:31:22]}
{[%emt 00:00:04]} 3. Nc3 {[%clk 01:31:42]} {[%emt 00:00:11]} Nf6 {[%clk
01:31:47]} {[%emt 00:00:05]} 4. e5 {[%clk 01:32:07]} {[%emt 00:00:05]} Nfd7
{[%clk 01:32:14]} {[%emt 00:00:03]} 5. f4 {[%clk 01:32:32]} {[%emt 00:00:06]}
c5 {[%clk 01:32:33]} {[%emt 00:00:10]} 6. Nf3 {[%clk 01:32:58]} {[%emt
00:00:04]} Nc6 {[%clk 01:32:56]} {[%emt 00:00:07]} 7. Be3 {[%clk 01:33:22]}
{[%emt 00:00:05]} a6 {[%clk 01:33:16]} {[%emt 00:00:11]} 8. Qd2 {[%clk
01:33:46]} {[%emt 00:00:06]} b5 {[%clk 01:33:43]} {[%emt 00:00:04]} 9. dxc5
{[%clk 01:33:54]} {[%emt 00:00:22]} Bxc5 {[%clk 01:34:03]} {[%emt 00:00:09]} 10.
Bxc5 {[%clk 01:34:17]} {[%emt 00:00:08]} Nxc5 {[%clk 01:34:30]} {[%emt
00:00:03]} 11. Qf2 {[%clk 01:34:40]} {[%emt 00:00:07]} Qb6 {[%clk 01:34:56]}
{[%emt 00:00:03]} 12. Bd3 {[%clk 01:35:00]} {[%emt 00:00:10]} b4 {[%clk
01:35:15]} {[%emt 00:00:13]} 13. Ne2 {[%clk 01:34:29]} {[%emt 00:01:00]} a5
{[%clk 01:35:37]} {[%emt 00:00:08]} 14. O-O {[%clk 01:34:02]} {[%emt 00:00:56]}
Ba6 {[%clk 01:29:59]} {[%emt 00:06:09]} 15. Rad1 {[%clk 01:32:48]} {[%emt
00:01:44]} a4 {[%clk 01:25:37]} {[%emt 00:09:02]} 16. Nfd4 {[%clk 01:19:03]}
{[%emt 00:10:04]} Nxd4 {[%clk 01:22:14]} {[%emt 00:03:52]} 17. Nxd4 {[%clk
01:08:43]} {[%emt 00:10:51]} b3 {[%clk 01:17:53]} {[%emt 00:04:51]} 18. axb3
{[%clk 00:45:45]} {[%emt 00:23:28]} Bxd3 {[%clk 01:15:55]} {[%emt 00:02:28]} 19.
cxd3 {[%clk 00:45:16]} {[%emt 00:00:59]} Nxb3 {[%clk 01:14:25]} {[%emt
00:02:00]} 20. Nxb3 {[%clk 00:39:28]} {[%emt 00:06:19]} Qxf2+ {[%clk 01:13:42]}
{[%emt 00:01:13]} 21. Kxf2 {[%clk 00:38:52]} {[%emt 00:01:05]} axb3 {[%clk
01:13:40]} {[%emt 00:00:32]} 22. Ke3 {[%clk 00:29:43]} {[%emt 00:09:39]} Kd7
{[%clk 01:11:44]} {[%emt 00:02:26]} 23. g4 {[%clk 00:29:06]} {[%emt 00:01:08]}
Ra2 {[%clk 01:09:22]} {[%emt 00:02:52]} 24. Rd2 {[%clk 00:29:10]} {[%emt
00:00:26]} Rc8 {[%clk 01:09:20]} {[%emt 00:00:32]} 25. Rff2 {[%clk 00:28:23]}
{[%emt 00:01:17]} Rc1 {[%clk 01:05:26]} {[%emt 00:04:24]} 26. f5 {[%clk
00:25:17]} {[%emt 00:03:36]} Rg1 {[%clk 00:59:51]} {[%emt 00:06:05]} 27. h3
{[%clk 00:19:20]} {[%emt 00:06:27]} Rh1 {[%clk 00:57:11]} {[%emt 00:03:09]} 28.
Rh2 {[%clk 00:18:13]} {[%emt 00:01:37]} Re1+ {[%clk 00:56:56]} {[%emt
00:00:45]} 29. Rde2 {[%clk 00:17:19]} {[%emt 00:01:24]} Rxb2 {[%clk 00:54:48]}
{[%emt 00:02:38]} 30. Rxe1 {[%clk 00:13:26]} {[%emt 00:04:24]} Rxh2 {[%clk
00:55:12]} {[%emt 00:00:06]} 31. Rb1 {[%clk 00:13:23]} {[%emt 00:00:33]} b2
{[%clk 00:52:39]} {[%emt 00:03:04]} 32. Kd4 {[%clk 00:12:05]} {[%emt 00:01:47]}
Rc2 {[%clk 00:52:56]} {[%emt 00:00:13]} 33. Ke3 {[%clk 00:07:22]} {[%emt
00:05:13]} Kc6 {[%clk 00:53:08]} {[%emt 00:00:18]} 34. d4 {[%clk 00:07:38]}
{[%emt 00:00:14]} Rh2 {[%clk 00:52:58]} {[%emt 00:00:39]} 35. h4 {[%clk
00:05:10]} {[%emt 00:02:59]} Kb5 {[%clk 00:53:20]} {[%emt 00:00:08]} 36. fxe6
{[%clk 00:02:48]} {[%emt 00:02:52]} fxe6 {[%clk 00:53:45]} {[%emt 00:00:05]}
0-1